El espectro y el salteador de caminos /

Guardado en:
Autor Principal: Defoe, Daniel.
Otros Autores: Rep; il.
Formato: Libro
Idioma:Undetermined
Publicado: Buenos Aires : Página/12, 2002.
Series:Los grandes para los chicos ; 36
Materias:
Etiquetas: Agregar Etiqueta
Sin Etiquetas, Sea el primero en etiquetar este registro!
LEADER 00730nam a22002055a 4500
001 CEM.cems024339
008 241007s2002####ag############000#0#und#d
005 20241007181441.0
245 1 0 |a El espectro y el salteador de caminos /  |c Daniel Defoe ; ilustraciones Rep. 
260 |a Buenos Aires :  |b Página/12,  |c 2002. 
300 |a 32 p. 
490 1 |a Los grandes para los chicos ;  |v 36 
500 |a Incluye biografía del autor. 
505 0 |a Un acusador fantasmal -- l fantasma provechoso -- El espectro y el salteador de caminos 
020 |a 9875033421 
100 1 |a Defoe, Daniel. 
700 1 |a Rep; il. 
653 |a Literatura inglesa 
653 |a Cuento inglés 
859 |a CEMS  |b BIB. CEMS - Inicial y Primaria  |h 823.9  |i D362  |k IP  |p 6064  |t Ej.1